000 00641nam a2200253Ia 4500
003 OSt
005 20221005043141.0
006 a|||||r|||| 00| 0
007 ta
008 221004b |||||||| |||| 00| 0 eng d
020 _a1840147407
024 _a28942
037 _cTextual
040 _aCRL
_cCRL
_beng
041 _2eng
_aeng
082 _aZ1,267(X:99N), N9
100 _aDrahos Peter
_9231600
245 0 _aIntellectual property
260 _aEngland
_bDartmouth
_c1999
300 _a547p.
_ccm.
650 _aLAW
942 _hZ1,267(X:99N), N9
_cTEXL
_2cc
999 _c951395
_d951395